[Event "Nachod op 11th"]
[Site "Nachod"]
[Date "2013.06.30"]
[Round "2"]
[White "Ptacek, Tomas"]
[Black "Havrda, Daniel"]
[Result "1-0"]
[WhiteElo "2093"]
[BlackElo "1589"]
[PlyCount "83"]
[EventDate "2013.06.29"]
[EventType "swiss"]
[EventRounds "9"]
[EventCountry "CZE"]
[SourceTitle "CBM 155 Extra"]
[Source "ChessBase"]
[SourceDate "2013.08.26"]
[SourceVersion "1"]
[SourceVersionDate "2013.08.26"]
[SourceQuality "1"]

1. d4 Nf6 2. Nf3 e6 3. e3 b6 4. Bd3 Bb7 5. Nbd2 Be7 6. 0-0 d6 7. b3 0-0 8. Bb2 c5 9. c4 Nbd7 10. Re1 cxd4 11. exd4 Re8 12. h3 Rc8 13. Re3 g6 14. Qe2 Bf8 15. Ba3 Bh6 16. Bxd6 Bxe3 17. fxe3 Rc6 18. Bf4 Kg7 19. Rf1 Rc8 20. Ne5 Nh5 21. Bh6+ Kg8 22. Nxf7 Qc7 23. Qf2 Qg3 24. Qxg3 Nxg3 25. Rf2 Re7 26. Nd6 Rb8 27. e4 e5 28. d5 Nc5 29. Bc2 Rd7 30. Nb5 a6 31. Nc3 Rf7 32. Nf3 Bc8 33. Nxe5 Rxf2 34. Kxf2 Nh5 35. b4 Nd7 36. Nc6 Ra8 37. g4 Ng7 38. Bf4 Bb7 39. Nd4 Re8 40. Nf3 Rf8 41. Ke3 Ne8 42. e5 1-0

[Event "Nachod op"]
[Site "Nachod"]
[Date "2012.07.08"]
[Round "9"]
[White "Tumova, Anna"]
[Black "Havrda, Daniel"]
[Result "1-0"]
[WhiteElo "1285"]
[BlackElo "1000"]
[PlyCount "65"]
[EventDate "2012.06.30"]
[EventType "swiss"]
[EventRounds "9"]
[EventCountry "CZE"]
[SourceTitle "CBM 149 Extra"]
[Source "ChessBase"]
[SourceDate "2012.08.24"]
[SourceVersion "1"]
[SourceVersionDate "2012.08.24"]
[SourceQuality "1"]

1. e4 e5 2. Nf3 f5 3. Bc4 fxe4 4. Nxe5 d5 5. Be2 Qg5 6. Ng4 h5 7. Ne3 d4 8. h4 Qg6 9. Nd5 Qd6 10. Nxc7+ Qxc7 11. Bxh5+ Kd8 12. Bg6 Nf6 13. d3 exd3 14. Qxd3 Qd6 15. Nd2 Nc6 16. Nf3 Ne5 17. Nxe5 Qxe5+ 18. Qe2 Bb4+ 19. Bd2 Bxd2+ 20. Kxd2 Qxe2+ 21. Kxe2 Be6 22. Rae1 Bxa2 23. b3 Nd5 24. Kd2 Rh6 25. Re8+ Kc7 26. Rxa8 Rxg6 27. Rxa7 Bxb3 28. cxb3 Rxg2 29. Kd3 Nc3 30. Rc1 Kb8 31. Ra5 Rxf2 32. Rc2 Rf3+ 33. Kxd4 1-0

[Event "Nachod op"]
[Site "Nachod"]
[Date "2012.07.06"]
[Round "7"]
[White "Havrda, Daniel"]
[Black "Sustr, Dominik"]
[Result "0-1"]
[WhiteElo "1000"]
[BlackElo "1404"]
[PlyCount "160"]
[EventDate "2012.06.30"]
[EventType "swiss"]
[EventRounds "9"]
[EventCountry "CZE"]
[SourceTitle "CBM 149 Extra"]
[Source "ChessBase"]
[SourceDate "2012.08.24"]
[SourceVersion "1"]
[SourceVersionDate "2012.08.24"]
[SourceQuality "1"]

1. c4 e5 2. Nc3 Nf6 3. g3 Bb4 4. Bg2 d6 5. e4 0-0 6. Nge2 Nc6 7. 0-0 Be6 8. Nd5 Nd7 9. d3 Bg4 10. Nxb4 Nxb4 11. a3 Nc6 12. Be3 Nf6 13. f3 Be6 14. Qd2 Qe7 15. Rac1 b6 16. b4 Qd7 17. f4 Bh3 18. f5 Bxg2 19. Kxg2 Ng4 20. Bg1 a5 21. b5 Ne7 22. h3 Nf6 23. a4 Rab8 24. Rc2 c6 25. Rfc1 cxb5 26. cxb5 d5 27. Rc7 Qd6 28. Qc2 h6 29. Rc3 Rfc8 30. Qb1 g6 31. fxg6 fxg6 32. Kh2 Rxc3 33. Rxc3 Rc8 34. Rxc8+ Nxc8 35. Be3 h5 36. Qc2 Qd7 37. Qc6 Qxc6 38. bxc6 dxe4 39. dxe4 Nxe4 40. Kg2 Kf7 41. Kf3 Nc5 42. Bxc5 bxc5 43. Ke4 Ke6 44. Nc3 Kd6 45. Nb5+ Kxc6 46. Kxe5 Nb6 47. Nc3 c4 48. h4 Kc5 49. Ke4 Kb4 50. Kd4 Kb3 51. Nb1 Kxa4 52. Kc5 Nc8 53. Kxc4 Ne7 54. Nc3+ Ka3 55. Kb5 Nf5 56. Kxa5 Nxg3 57. Nd5 Nf5 58. Nf4 Nxh4 59. Kb5 Kb3 60. Kc5 Kc3 61. Kd5 Kd2 62. Ke4 Ke1 63. Nh3 Kf1 64. Kf4 Kg2 65. Ng5 Kh2 66. Ne4 Kg2 67. Ng5 Nf5 68. Ke5 Kg3 69. Kf6 Nh4 70. Ne4+ Kf4 71. Ng5 Kg4 72. Ne4 Nf3 73. Kxg6 h4 74. Nf6+ Kg3 75. Kh5 h3 76. Ng4 Ne5 77. Ne3 Kf2 78. Nd1+ Kg1 79. Nc3 h2 80. Ne2+ Kf2 0-1

[Event "Nachod op"]
[Site "Nachod"]
[Date "2012.07.03"]
[Round "4"]
[White "Siroky, Richard"]
[Black "Havrda, Daniel"]
[Result "1-0"]
[WhiteElo "1634"]
[BlackElo "1000"]
[PlyCount "103"]
[EventDate "2012.06.30"]
[EventType "swiss"]
[EventRounds "9"]
[EventCountry "CZE"]
[SourceTitle "CBM 149 Extra"]
[Source "ChessBase"]
[SourceDate "2012.08.24"]
[SourceVersion "1"]
[SourceVersionDate "2012.08.24"]
[SourceQuality "1"]

1. e4 g6 2. d4 Bg7 3. Nf3 d6 4. Bf4 a6 5. Bc4 Nd7 6. c3 c5 7. Qb3 e6 8. Bxd6 Nb6 9. Bxc5 Nxc4 10. Qxc4 Bd7 11. Nbd2 Bb5 12. Qb3 Ne7 13. a4 Bc6 14. 0-0 0-0 15. Qa3 Re8 16. Rfe1 Nc8 17. Qb3 b6 18. Ba3 e5 19. d5 Bb7 20. Qc2 Nd6 21. Bxd6 Qxd6 22. Nc4 Qc7 23. Qb3 Rab8 24. Nxb6 Bc6 25. a5 Bb5 26. c4 Bd7 27. Qc3 h6 28. Nxd7 Qxd7 29. b4 Qc7 30. Reb1 Rb7 31. Ra3 Reb8 32. Rab3 f6 33. Nd2 Bf8 34. h3 g5 35. Qb2 h5 36. c5 g4 37. hxg4 hxg4 38. Qc3 Qh7 39. b5 Qh5 40. bxa6 Rh7 41. Kf1 Rxb3 42. Qxb3 Qh1+ 43. Ke2 Qxg2 44. d6+ Kg7 45. Qg3 Qxg3 46. fxg3 Kg6 47. Rb7 Rh2+ 48. Kd1 Bh6 49. Nc4 Rh1+ 50. Kc2 Rc1+ 51. Kb3 Rb1+ 52. Ka4 1-0